West of Scotland logistics and industrial (Record no. 109468)

MARC details
000 -LEADER
fixed length control field 01002cad a22002295a 4500
001 - CONTROL NUMBER
control field E147169
008 - FIXED-LENGTH DATA ELEMENTS--GENERAL INFORMATION
fixed length control field 090408s2009 xxkdo f 000 0 eng d
035 ## - SYSTEM CONTROL NUMBER
System control number (Sirsi) u147169
041 0# - LANGUAGE CODE
Language code of text/sound track or separate title eng
050 04 - LIBRARY OF CONGRESS CALL NUMBER
Classification number 333.33 $2 18
110 2# - MAIN ENTRY--CORPORATE NAME
Corporate name or jurisdiction name as entry element Colliers CRE
9 (RLIN) 5075
245 00 - TITLE STATEMENT
Title West of Scotland logistics and industrial
Remainder of title Spring review 2009
Medium [electronic resource]
260 ## - PUBLICATION, DISTRIBUTION, ETC.
Place of publication, distribution, etc. Edinburgh
Name of publisher, distributor, etc. Colliers CRE
Date of publication, distribution, etc. 2009
490 #0 - SERIES STATEMENT
Series statement Colliers CRE West of Scotland Logistics and Industrial Review
Volume/sequential designation Spring 2009
520 ## - SUMMARY, ETC.
Summary, etc. Examines rents, supply, demand and outlook for industrial property in the West of Scotland. Suggests that the current economic slowdown is starting to have an impact on industrial property in this area.
521 ## - TARGET AUDIENCE NOTE
Target audience note Advanced
590 ## - LOCAL NOTE (RLIN)
Local note KA
651 #4 - SUBJECT ADDED ENTRY--GEOGRAPHIC NAME
Geographic name Scotland
Chronological subdivision 1999-
690 ## - LOCAL SUBJECT ADDED ENTRY--TOPICAL TERM (OCLC, RLIN)
Topical term or geographic name as entry element PROPERTY-COMMERCIAL PROPERTY-COMMERCIAL PROPERTY MARKET
856 40 - ELECTRONIC LOCATION AND ACCESS
Uniform Resource Identifier <a href="https://www.collierscre.com/marketReports/industrial.aspx#">https://www.collierscre.com/marketReports/industrial.aspx#</a>
Public note View the report free of charge at www.collierscre.com...
942 ## - ADDED ENTRY ELEMENTS (KOHA)
Suppress in OPAC 0
Holdings
Withdrawn status Lost status Source of classification or shelving scheme Damaged status Not for loan Home library Current library Shelving location Date acquired Total Checkouts Full call number Barcode Date last seen Copy number Price effective from Koha item type
    Dewey Decimal Classification     Virtual Virtual Online 08/04/2009   ONLINE PUBLICATION 147169-2001 06/08/2019 1 06/08/2019 Book